Statistics for Countries by population

Click here to take the quiz!

General Stats

  • This quiz has been taken 36 times
  • The average score is 28 of 30

Answer Stats

PopulationCountry% Correct
211 milBrazil
100%
1433 milChina
100%
83 milGermany
100%
1366 milIndia
100%
270 milIndonesia
100%
201 milNigeria
100%
145 milRussia
100%
329 milUSA
100%
163 milBangladesh
96%
100 milEgypt
96%
65 milFrance
96%
60 milItaly
96%
127 milMexico
96%
216 milPakistan
96%
58 milSouth Africa
96%
69 milThailand
96%
83 milTurkey
96%
67 milUnited Kingdom
96%
50 milColombia
93%
112 milEthiopia
93%
108 milPhilippines
93%
46 milSpain
93%
96 milVietnam
93%
86 milDR Congo
89%
83 milIran
89%
126 milJapan
89%
51 milSouth Korea
85%
52 milKenya
78%
58 milTanzania
74%
54 milMyanmar
67%

Score Distribution

Percentile by Number Answered

Percent of People with Each Score

Your Score History

You have not taken this quiz